[Event "26th EUR-ch"]
[Site "Katowice POL"]
[Date "2026.04.12"]
[Round "5.5"]
[White "Gurel, Ediz"]
[Black "Malek, Jan"]
[Result "1/2-1/2"]
[WhiteElo "2635"]
[BlackElo "2533"]
[EventDate "2026.04.07"]
[PlyCount "89"]

1.e4 c6 2.d4 d5 3.e5 c5 4.Nf3 Bg4 5.dxc5 e6 6.Bb5+ Nd7 7.c4 Bxc5 8.cxd5 
exd5 9.h3 Bxf3 10.Qxf3 Ne7 11.O-O O-O 12.Re1 Bd4 13.Bxd7 Qxd7 14.Nc3 Rfe8 
15.Bf4 Ng6 16.Rad1 Bxc3 17.bxc3 Qf5 18.Rd4 Nxe5 19.Bxe5 Rxe5 20.Rxe5 Qxe5 
21.Qxd5 Qxd5 22.Rxd5 Kf8 23.Rd7 b6 24.Rc7 a6 25.Kf1 h5 26.g3 g6 27.Rc6 Rb8
28.Ke2 Ke7 29.Rc7+ Ke6 30.a4 Rd8 31.Ra7 a5 32.Rb7 Rd6 33.f4 f6 34.Rc7 Kf5 
35.Ke3 Rd5 36.Rc6 Rc5 37.Rxc5+ bxc5 38.Kf3 Ke6 39.Ke4 f5+ 40.Kd3 Kd5 41.
c4+ Kd6 42.Ke3 Ke6 43.Kf3 Kf6 44.g4 h4 45.g5+ 1/2-1/2

[Event "26th EUR-ch"]
[Site "Katowice POL"]
[Date "2026.04.12"]
[Round "5.6"]
[White "Ohanian, Emin"]
[Black "Gumularz, Szymon"]
[Result "1/2-1/2"]
[WhiteElo "2481"]
[BlackElo "2590"]
[EventDate "2026.04.07"]
[PlyCount "45"]

1.e4 c6 2.d4 d5 3.Nc3 dxe4 4.Nxe4 Bf5 5.Ng3 Bg6 6.h4 h6 7.Nf3 Nd7 8.h5 Bh7
9.Bd3 Bxd3 10.Qxd3 e6 11.Bd2 Ngf6 12.O-O-O Qb6 13.Ne4 Rd8 14.Nxf6+ Nxf6 
15.Be3 Be7 16.Ne5 Nd5 17.g4 Nxe3 18.Qxe3 Bf6 19.f4 Rd5 20.Qe4 Bxe5 21.dxe5
Qa5 22.a3 Ke7 23.c4 1/2-1/2

[Event "26th EUR-ch"]
[Site "Katowice POL"]
[Date "2026.04.12"]
[Round "5.7"]
[White "Meshkovs, Nikita"]
[Black "Martirosian, Haik"]
[Result "1/2-1/2"]
[WhiteElo "2532"]
[BlackElo "2633"]
[EventDate "2026.04.07"]
[PlyCount "119"]

1.Nf3 d5 2.d4 Nf6 3.c4 e6 4.g3 Be7 5.Bg2 O-O 6.Nc3 Nc6 7.Ne5 h6 8.O-O dxc4
9.Bxc6 bxc6 10.Nxc6 Qe8 11.Nxe7+ Qxe7 12.Qa4 a5 13.Qxc4 Ba6 14.Qc5 Qxc5 
15.dxc5 Nd5 16.Nxd5 exd5 17.Rd1 c6 18.e3 Rfb8 19.b3 a4 20.Rd4 axb3 21.axb3
Bb5 22.Rxa8 Rxa8 23.Bb2 Ra2 24.Rd2 f5 25.h3 h5 26.h4 Kf7 27.Kg2 Ba6 28.Kf3
Kg6 29.Kf4 Bf1 30.f3 Bb5 31.Ke5 Bf1 32.Kd4 Bb5 33.Ke5 Bf1 34.Kd6 Bb5 35.
Rg2 Kf7 36.Ke5 Kg6 37.Kf4 Bd3 38.Ke5 Bb5 39.Rf2 Bd3 40.Kd4 Bb5 41.Kc3 Ra7 
42.Bc1 Ra8 43.Rg2 Ra7 44.Rd2 Ra5 45.Bb2 Bf1 46.b4 Ra8 47.Rd4 Re8 48.Kd2 
Bb5 49.Rf4 Re7 50.Bd4 Ra7 51.Kc2 Re7 52.Kb2 Be2 53.Kc2 Bb5 54.Kc3 Be2 55.
Kd2 Bb5 56.Ke1 Ra7 57.g4 fxg4 58.fxg4 hxg4 59.Rxg4+ Kh5 60.Rxg7 1/2-1/2

[Event "26th EUR-ch"]
[Site "Katowice POL"]
[Date "2026.04.12"]
[Round "5.8"]
[White "Bjerre, Jonas Buhl"]
[Black "Brunello, Sabino"]
[Result "1/2-1/2"]
[WhiteElo "2623"]
[BlackElo "2516"]
[EventDate "2026.04.07"]
[PlyCount "59"]

1.e4 e5 2.Nf3 d6 3.d4 exd4 4.Qxd4 Nc6 5.Bb5 Bd7 6.Bxc6 Bxc6 7.Bg5 Nf6 8.
Nc3 Be7 9.O-O-O O-O 10.Rhe1 Nd7 11.Bxe7 Qxe7 12.Nd5 Bxd5 13.exd5 Qf6 14.
Qe3 a5 15.Rd4 Qd8 16.Qc3 b5 17.a3 Nb6 18.Qc6 b4 19.axb4 axb4 20.Rxb4 Ra5 
21.Rb5 Ra1+ 22.Kd2 Rxe1 23.Kxe1 Qe7+ 24.Kf1 Re8 25.h3 h6 26.Kg1 Qe2 27.Rb3
Qd1+ 28.Kh2 Re7 29.Rd3 Qc1 30.Re3 1/2-1/2

[Event "26th EUR-ch"]
[Site "Katowice POL"]
[Date "2026.04.12"]
[Round "5.9"]
[White "Kadric, Denis"]
[Black "Lagarde, Maxime"]
[Result "0-1"]
[WhiteElo "2523"]
[BlackElo "2621"]
[EventDate "2026.04.07"]
[PlyCount "78"]

1.e4 c5 2.Nc3 Nc6 3.Nf3 g6 4.Bb5 Bg7 5.d3 e5 6.Nd5 Nce7 7.Bc4 Nxd5 8.Bxd5 
Ne7 9.Bb3 h6 10.Be3 b6 11.c3 O-O 12.d4 exd4 13.cxd4 Ba6 14.Qd2 d5 15.e5 
Nf5 16.Bc2 cxd4 17.Bf4 Qd7 18.O-O-O d3 19.Bxd3 Bxd3 20.Qxd3 Qa4 21.Bd2 
Qxa2 22.Bc3 Rac8 23.Qxd5 Rc4 24.Kd2 Rd4+ 25.Qxd4 Nxd4 26.Bxd4 Rd8 27.Ke3 
f6 28.Bc3 Re8 29.Rd6 Qf7 30.Rhd1 fxe5 31.Rd7 Re7 32.Rxe7 Qxe7 33.Ke4 Qb7+ 
34.Rd5 Kf7 35.Bxe5 Bxe5 36.Kxe5 Qe7+ 37.Kf4 g5+ 38.Kg3 Qb4 39.Rd4 Qxb2 0-1

[Event "26th EUR-ch"]
[Site "Katowice POL"]
[Date "2026.04.12"]
[Round "5.10"]
[White "Stefansson, Vignir Vatnar"]
[Black "Indjic, Aleksandar"]
[Result "1-0"]
[WhiteElo "2512"]
[BlackElo "2616"]
[EventDate "2026.04.07"]
[PlyCount "105"]

1.d4 Nf6 2.Nf3 e6 3.c4 Bb4+ 4.Bd2 Qe7 5.g3 Bxd2+ 6.Qxd2 Nc6 7.b3 a5 8.Nc3 
a4 9.Nxa4 Ne4 10.Qd3 Qb4+ 11.Nd2 Nxd2 12.Qxd2 Qxd2+ 13.Kxd2 Nxd4 14.Kc3 e5
15.e3 Ne6 16.f4 d6 17.Bg2 Ke7 18.Kb2 h5 19.Nc3 c6 20.Rad1 Nc5 21.Bf3 Bf5 
22.Rd2 Nd3+ 23.Ka1 Nc5 24.Kb2 e4 25.Bd1 Bg4 26.Bxg4 hxg4 27.f5 Rh5 28.b4 
Nd3+ 29.Kb3 Rxf5 30.Nxe4 Ne5 31.Nxd6 Rf3 32.Re1 Rf6 33.Red1 Rf3 34.Re2 b6 
35.Ne4 Rf5 36.Nc3 Rf6 37.a4 Re6 38.Rd4 Rf6 39.Ra2 Rf1 40.a5 bxa5 41.Rxa5 
Rxa5 42.bxa5 Ra1 43.Na4 Rb1+ 44.Ka2 Rb4 45.Ka3 c5 46.Nxc5 Rxc4 47.Rxc4 
Nxc4+ 48.Kb4 Nxe3 49.a6 Nd5+ 50.Ka5 Nc7 51.a7 Kd8 52.Kb6 Kc8 53.Kc6 1-0

[Event "26th EUR-ch"]
[Site "Katowice POL"]
[Date "2026.04.12"]
[Round "5.11"]
[White "Janik, Igor"]
[Black "Santos Latasa, Jaime"]
[Result "1/2-1/2"]
[WhiteElo "2504"]
[BlackElo "2610"]
[EventDate "2026.04.07"]
[PlyCount "93"]

1.c4 e5 2.g3 Nf6 3.Bg2 d5 4.cxd5 Nxd5 5.Nc3 Nb6 6.d3 Be7 7.Nf3 Nc6 8.O-O 
O-O 9.Be3 Re8 10.a3 Bf8 11.Rc1 Nd4 12.Bxd4 exd4 13.Ne4 a5 14.Re1 c6 15.Qd2
a4 16.Nc5 h6 17.h4 Nd7 18.Nxd7 Qxd7 19.Qf4 c5 20.e4 b5 21.e5 Ra6 22.Nd2 
Qf5 23.Be4 Qh5 24.Bf3 Qf5 25.Be4 Qxf4 26.gxf4 h5 27.Nf3 g6 28.Ng5 Rd8 29.
Bf3 Rb6 30.Ne4 Bf5 31.Nxc5 Bxc5 32.Rxc5 Bxd3 33.Rd1 Bf5 34.Rd5 Rxd5 35.
Bxd5 d3 36.f3 b4 37.Bc4 Rc6 38.Bxd3 Bxd3 39.Rxd3 Rc4 40.Kf2 Rxf4 41.Kg3 
Rc4 42.Rd8+ Kg7 43.axb4 Rxb4 44.Ra8 Kh7 45.Rf8 Kg7 46.Ra8 Rxb2 47.Rxa4 
1/2-1/2

[Event "26th EUR-ch"]
[Site "Katowice POL"]
[Date "2026.04.12"]
[Round "5.12"]
[White "Lodici, Lorenzo"]
[Black "Quparadze, Giga"]
[Result "1-0"]
[WhiteElo "2601"]
[BlackElo "2484"]
[EventDate "2026.04.07"]
[PlyCount "65"]

1.e4 c5 2.Nf3 e6 3.d4 cxd4 4.Nxd4 Nf6 5.Nc3 Nc6 6.Nxc6 bxc6 7.e5 Nd5 8.Ne4
Bb7 9.c4 Nb4 10.Bg5 Qc7 11.Nd6+ Bxd6 12.exd6 Qa5 13.Bd2 Qe5+ 14.Be2 c5 15.
Bc3 Qg5 16.Bf3 Bxf3 17.Qxf3 Nc6 18.h4 Qh6 19.g4 O-O 20.g5 Qg6 21.O-O-O a5 
22.Rhg1 h5 23.gxh6 Qxh6+ 24.Rd2 e5 25.Qg4 Nd4 26.f4 f5 27.Qg2 e4 28.Qg3 
Ne6 29.Be5 Kf7 30.h5 Rh8 31.Qh4 Rh7 32.Rdg2 Re8 33.Rg6 1-0

[Event "26th EUR-ch"]
[Site "Katowice POL"]
[Date "2026.04.12"]
[Round "5.13"]
[White "Dardha, Daniel"]
[Black "Blomqvist, Erik"]
[Result "1/2-1/2"]
[WhiteElo "2596"]
[BlackElo "2463"]
[EventDate "2026.04.07"]
[PlyCount "120"]

1.c4 e5 2.g3 c6 3.d4 exd4 4.Qxd4 Nf6 5.Bg2 Na6 6.Nf3 Bc5 7.Qe5+ Be7 8.O-O 
O-O 9.Nc3 Re8 10.Rd1 Bb4 11.Qf5 Qe7 12.Qc2 Nc5 13.Nd4 d6 14.Bf4 a5 15.a3 
Bxc3 16.bxc3 Be6 17.e4 Rad8 18.Nxe6 Qxe6 19.Rd4 Ng4 20.Bh3 Ne3 21.Bxe3 
Qxh3 22.Rad1 Qe6 23.Bf4 Qg4 24.Bxd6 Nxe4 25.Re1 Rxd6 26.Rdxe4 Rxe4 27.Rxe4
Qd7 28.Qe2 Re6 29.Rxe6 Qxe6 30.Qxe6 fxe6 31.Kg2 c5 32.Kf3 Kf7 33.Ke4 Kf6 
34.f4 h5 35.a4 g6 36.h3 b6 37.g4 hxg4 38.hxg4 g5 39.Ke3 Kg6 40.Kf3 Kf6 41.
Ke4 Kg6 42.Ke5 gxf4 43.Kxf4 Kf6 44.Kf3 Kg5 45.Kg3 e5 46.Kf3 Kh4 47.Ke4 
Kxg4 48.Kxe5 Kf3 49.Kd5 Ke3 50.Kc6 Kd3 51.Kxb6 Kxc4 52.Kxa5 Kxc3 53.Kb5 c4
54.a5 Kb3 55.a6 c3 56.a7 c2 57.a8=Q c1=Q 58.Qa4+ Kc3 59.Qc4+ Kd2 60.Qxc1+ 
Kxc1 1/2-1/2

[Event "26th EUR-ch"]
[Site "Katowice POL"]
[Date "2026.04.12"]
[Round "5.14"]
[White "Abasov, Nijat"]
[Black "Pasti, Aron"]
[Result "1/2-1/2"]
[WhiteElo "2586"]
[BlackElo "2388"]
[EventDate "2026.04.07"]
[PlyCount "61"]

1.d4 d5 2.c4 e6 3.Nf3 Nf6 4.Nc3 c5 5.e3 Nc6 6.cxd5 exd5 7.Bb5 Bd6 8.dxc5 
Bxc5 9.O-O a6 10.Bxc6+ bxc6 11.Qc2 Be7 12.Na4 Qd6 13.b3 O-O 14.Bb2 Bg4 15.
Nd4 c5 16.Nf5 Bxf5 17.Qxf5 Qe6 18.Qd3 Rab8 19.Rac1 Rfc8 20.Qd1 c4 21.bxc4 
dxc4 22.Bd4 Nd5 23.Qe2 Nf4 24.Qf3 Nd3 25.Rb1 Bd6 26.Nc3 Be5 27.Qe4 f5 28.
Qf3 Qd6 29.Bxe5 Qxe5 30.Qd5+ Qxd5 31.Nxd5 1/2-1/2

[Event "26th EUR-ch"]
[Site "Katowice POL"]
[Date "2026.04.12"]
[Round "5.15"]
[White "Can, Isik"]
[Black "Dehtiarov, Roman"]
[Result "1-0"]
[WhiteElo "2563"]
[BlackElo "2452"]
[EventDate "2026.04.07"]
[PlyCount "73"]

1.e4 c6 2.d4 d5 3.e5 c5 4.Nf3 cxd4 5.Qxd4 Nc6 6.Qf4 g6 7.Nc3 Bh6 8.Qa4 d4 
9.Bxh6 Nxh6 10.O-O-O O-O 11.Bb5 Qb6 12.Nd5 Qd8 13.Bxc6 bxc6 14.Qxc6 Be6 
15.Nc7 Rc8 16.Nxe6 Qa5 17.Qd7 fxe6 18.Qxe6+ Kh8 19.Rxd4 Nf5 20.Rd2 Rb8 21.
a3 Rb6 22.Qc4 Rfb8 23.Rd5 Rb5 24.Rxb5 Rxb5 25.Rd1 Rb8 26.g4 Ng7 27.Rd5 Qb6
28.Qd4 Qc7 29.Rd7 Qa5 30.Rxe7 Qb5 31.e6 Rg8 32.Ne5 h6 33.c4 Qa5 34.Nxg6+ 
Kh7 35.Qe4 Qg5+ 36.Nf4+ Kh8 37.h4 1-0

[Event "26th EUR-ch"]
[Site "Katowice POL"]
[Date "2026.04.12"]
[Round "5.16"]
[White "Ilinca, Felix-Antonio"]
[Black "Sokolovsky, Yahli"]
[Result "1/2-1/2"]
[WhiteElo "2481"]
[BlackElo "2559"]
[EventDate "2026.04.07"]
[PlyCount "34"]

1.d4 Nf6 2.Nf3 d5 3.Bf4 e6 4.e3 c5 5.Be2 Qb6 6.Nc3 Bd7 7.O-O Bd6 8.Ne5 O-O
9.Rb1 Be8 10.Bd3 Nfd7 11.dxc5 Qxc5 12.Nxd7 Nxd7 13.Nb5 Bxf4 14.exf4 Ne5 
15.Nd4 Nc6 16.Nxc6 Bxc6 17.Re1 Bb5 1/2-1/2

[Event "26th EUR-ch"]
[Site "Katowice POL"]
[Date "2026.04.12"]
[Round "5.17"]
[White "Dyachuk, Artem"]
[Black "Moroni, Luca jr"]
[Result "1/2-1/2"]
[WhiteElo "2323"]
[BlackElo "2551"]
[EventDate "2026.04.07"]
[PlyCount "123"]

1.c4 b6 2.d4 Bb7 3.Nc3 e6 4.a3 f5 5.Nf3 Nf6 6.g3 g6 7.Bg2 Bg7 8.O-O O-O 9.
Qc2 Qc8 10.d5 Na6 11.Rd1 Nc5 12.b4 Nce4 13.Bb2 exd5 14.cxd5 Nd6 15.Rac1 
Qe8 16.Nd4 a6 17.Qb3 Rc8 18.Rc2 Kh8 19.Rdc1 Qf7 20.Nf3 Rce8 21.e3 h6 22.
Rd1 g5 23.h4 Nde4 24.Nxe4 fxe4 25.hxg5 Bxd5 26.Rxd5 Nxd5 27.gxh6 Bxb2 28.
Ng5 Qf5 29.Qxb2+ Nf6 30.Nh3 c5 31.Nf4 Kh7 32.bxc5 bxc5 33.Qb6 Rc8 34.Qd6 
Rfe8 35.Bh3 Qe5 36.Qxa6 Rc6 37.Qc4 d5 38.Qb5 Qd6 39.Kg2 Rb8 40.Qe2 Qe5 41.
Rc1 Rb2 42.Qd1 c4 43.Qa4 Rcb6 44.Bc8 Nh5 45.Qd7+ Kxh6 46.Qg4 Qg5 47.Rh1 
Qxg4 48.Bxg4 d4 49.Rxh5+ Kg7 50.Rg5+ Kh6 51.Rh5+ Kg7 52.Rg5+ Kh6 53.Rc5 
dxe3 54.Be2 exf2 55.Kxf2 R6b3 56.Rc6+ Kh7 57.Rxc4 Rf3+ 58.Kg2 Rxf4 59.gxf4
Rxe2+ 60.Kf1 Re3 61.a4 Kg6 62.a5 1/2-1/2

[Event "26th EUR-ch"]
[Site "Katowice POL"]
[Date "2026.04.12"]
[Round "5.18"]
[White "Donchenko, Alexander"]
[Black "Licznerski, Lukasz"]
[Result "1-0"]
[WhiteElo "2642"]
[BlackElo "2486"]
[EventDate "2026.04.07"]
[PlyCount "101"]

1.e4 c6 2.d4 d5 3.e5 Bf5 4.h4 h5 5.c4 e6 6.Nc3 dxc4 7.Bxc4 Nd7 8.Nge2 Be7 
9.g3 Nh6 10.Bf4 Qb6 11.O-O Qxb2 12.Bd3 Bxd3 13.Qxd3 Qb6 14.Ne4 Nf5 15.Rab1
Qc7 16.Rfc1 Nb6 17.Qb3 Rb8 18.Bg5 Nd5 19.Bxe7 Ndxe7 20.Qa3 O-O 21.Qxa7 Ra8
22.Qxb7 Qxb7 23.Rxb7 Rxa2 24.N2c3 Raa8 25.Ng5 Rfb8 26.Rcb1 Rxb7 27.Rxb7 
Kf8 28.Nce4 Nxd4 29.Nd6 c5 30.Kg2 Nec6 31.Rxf7+ Kg8 32.Nc4 Ra7 33.Rxa7 
Nxa7 34.Ne4 Nb3 35.Kf3 Kf7 36.Ke3 Nc6 37.Ng5+ Ke7 38.Nh3 g6 39.Nf4 Kf7 40.
Nd6+ Kg7 41.Nxe6+ Kg8 42.Ke4 Ne7 43.Kd3 Nc6 44.Kc4 Nba5+ 45.Kb5 c4 46.Ne4 
Kf7 47.N6c5 Ke7 48.Nc3 Kf7 49.Nd5 Kf8 50.e6 Ke8 51.Ne4 1-0

[Event "26th EUR-ch"]
[Site "Katowice POL"]
[Date "2026.04.12"]
[Round "5.19"]
[White "Ivanchuk, Vasyl"]
[Black "Babazada, Khazar"]
[Result "1-0"]
[WhiteElo "2621"]
[BlackElo "2480"]
[EventDate "2026.04.07"]
[PlyCount "59"]

1.d4 d5 2.c4 dxc4 3.Nf3 Nf6 4.Qa4+ Nbd7 5.Nc3 a6 6.e4 e6 7.Bxc4 Rb8 8.Qc2 
b5 9.Bd3 Bb7 10.Bf4 Rc8 11.O-O b4 12.Na4 c5 13.d5 exd5 14.exd5 Nxd5 15.
Rfe1+ Be7 16.Bd6 N7f6 17.Nxc5 Bc6 18.Bxe7 Nxe7 19.Rad1 Qb6 20.Nd4 Kf8 21.
Bxa6 Bb7 22.Qe2 Qxc5 23.Bxb7 Re8 24.Qe3 Qc7 25.Bf3 Qb8 26.Nc2 h5 27.Qc5 b3
28.axb3 Ng4 29.g3 Rh6 30.Rd7 1-0

[Event "26th EUR-ch"]
[Site "Katowice POL"]
[Date "2026.04.12"]
[Round "5.20"]
[White "Korobov, Anton"]
[Black "Sipila, Vilka"]
[Result "1/2-1/2"]
[WhiteElo "2610"]
[BlackElo "2479"]
[EventDate "2026.04.07"]
[PlyCount "54"]

1.e4 e5 2.Nf3 Nf6 3.Nxe5 d6 4.Nc4 Nxe4 5.Qe2 Qe7 6.Ne3 Be6 7.g3 Nc6 8.Bg2 
d5 9.Nc3 O-O-O 10.Nxe4 dxe4 11.c3 f5 12.f3 Ne5 13.fxe4 Nd3+ 14.Kd1 Qf7 15.
exf5 Bxa2 16.Be4 Bb3+ 17.Nc2 Qc4 18.Bxd3 Qxd3 19.Qxd3 Rxd3 20.Rxa7 Kb8 21.
Ra5 Bd6 22.f6 gxf6 23.Re1 h5 24.Rb5 Ba4 25.Ra5 Bb3 26.Rb5 Ba4 27.Ra5 Bb3 
1/2-1/2

[Event "26th EUR-ch"]
[Site "Katowice POL"]
[Date "2026.04.12"]
[Round "5.21"]
[White "Tarhan, Adar"]
[Black "Samunenkov, Ihor"]
[Result "1-0"]
[WhiteElo "2477"]
[BlackElo "2596"]
[EventDate "2026.04.07"]
[PlyCount "81"]

1.Nf3 Nf6 2.g3 c5 3.Bg2 Nc6 4.O-O e5 5.e4 d6 6.Re1 g6 7.c3 Bg7 8.d4 exd4 
9.cxd4 Bg4 10.e5 dxe5 11.Nxe5 Nxe5 12.Qa4+ Qd7 13.Qxd7+ Nxd7 14.dxe5 O-O 
15.f4 Rae8 16.Nc3 h5 17.Nb5 Re7 18.Be3 Kh7 19.h3 Be6 20.Nxa7 Ra8 21.Nb5 
Rxa2 22.Rxa2 Bxa2 23.Ra1 Bc4 24.Nd6 Ba6 25.Rd1 Nf8 26.Bxc5 Ne6 27.Bf2 Rd7 
28.Bd5 h4 29.Nxf7 hxg3 30.Bxg3 Bc4 31.Nd6 Bxd5 32.Rxd5 Bh6 33.Ne4 Re7 34.
Bh4 Nxf4 35.Bxe7 Nxd5 36.Nf6+ Nxf6 37.Bxf6 Be3+ 38.Kg2 Bd4 39.b3 Kg8 40.
Kf3 Kf7 41.Ke4 1-0

[Event "26th EUR-ch"]
[Site "Katowice POL"]
[Date "2026.04.12"]
[Round "5.22"]
[White "Yuffa, Daniil"]
[Black "Dotzer, Lukas"]
[Result "1/2-1/2"]
[WhiteElo "2595"]
[BlackElo "2469"]
[EventDate "2026.04.07"]
[PlyCount "120"]

1.Nf3 d5 2.g3 Nf6 3.Bg2 e6 4.O-O Be7 5.d3 O-O 6.Nc3 d4 7.Ne4 Nxe4 8.dxe4 
c5 9.e3 dxe3 10.Bxe3 Nc6 11.Bf4 b6 12.Qe2 Bb7 13.Rfd1 Qc8 14.c3 Rd8 15.h4 
Rxd1+ 16.Rxd1 Qe8 17.h5 h6 18.Nh2 Rd8 19.e5 Na5 20.Bxb7 Nxb7 21.Rxd8 Qxd8 
22.Ng4 Bg5 23.Be3 Na5 24.b3 Nc6 25.f4 Be7 26.Qd2 Qc8 27.Qd3 Bf8 28.Nf2 Ne7
29.Ne4 Nd5 30.Bd2 Qc6 31.c4 Nb4 32.Bxb4 cxb4 33.g4 Be7 34.Kf2 Qc7 35.Kf3 
Kf8 36.g5 hxg5 37.Nxg5 Bxg5 38.fxg5 Kg8 39.g6 fxg6 40.hxg6 Qe7 41.Qe4 Kf8 
42.Ke2 Qc7 43.Kd3 Ke7 44.Kc2 a5 45.Qf4 Ke8 46.Kb2 Qb7 47.Qg4 Ke7 48.a3 Qh1
49.Qg5+ Ke8 50.axb4 axb4 51.Qd2 Qe4 52.Qxb4 Qxe5+ 53.Qc3 Qh2+ 54.Ka3 Qd6+ 
55.b4 e5 56.Qh3 Qxg6 57.Qc8+ Ke7 58.Qc7+ Ke8 59.Qc8+ Ke7 60.Qc7+ Ke8 
1/2-1/2

[Event "26th EUR-ch"]
[Site "Katowice POL"]
[Date "2026.04.12"]
[Round "5.23"]
[White "Pantsulaia, Levan"]
[Black "Lupulescu, Constantin"]
[Result "1/2-1/2"]
[WhiteElo "2472"]
[BlackElo "2587"]
[EventDate "2026.04.07"]
[PlyCount "79"]

1.c4 c5 2.g3 Nf6 3.Bg2 d5 4.cxd5 Nxd5 5.Nc3 Nc7 6.e3 e5 7.Nge2 Nc6 8.O-O 
Be7 9.f4 exf4 10.Nxf4 O-O 11.b3 Bf5 12.Ba3 Qd7 13.Rc1 Rac8 14.Ncd5 Nxd5 
15.Nxd5 Bd3 16.Nxe7+ Nxe7 17.Rf2 b6 18.b4 cxb4 19.Bxb4 Rxc1 20.Qxc1 Rc8 
21.Qa3 Ng6 22.Bc3 f6 23.h4 Ne5 24.Bxe5 fxe5 25.Kh2 Bf5 26.d4 h6 27.e4 Bg4 
28.d5 Qc7 29.Bh3 Bxh3 30.Kxh3 Qd7+ 31.Kh2 Rc4 32.Qf3 Rd4 33.g4 Qe7 34.Kg3 
Ra4 35.Qf5 Qa3+ 36.Kh2 Qd3 37.Qf7+ Kh7 38.Qf5+ Kg8 39.Qe6+ Kh7 40.Qf5+ 
1/2-1/2

[Event "26th EUR-ch"]
[Site "Katowice POL"]
[Date "2026.04.12"]
[Round "5.24"]
[White "Levin, Guy"]
[Black "Amar, Elham"]
[Result "1-0"]
[WhiteElo "2462"]
[BlackElo "2586"]
[EventDate "2026.04.07"]
[PlyCount "113"]

1.d4 Nf6 2.c4 e6 3.Nc3 d5 4.cxd5 exd5 5.Bf4 Bd6 6.Bxd6 Qxd6 7.e3 Bf5 8.Qf3
Bg4 9.Qg3 Qb4 10.Rb1 O-O 11.Bd3 c5 12.Qd6 Nbd7 13.h3 Bh5 14.g4 Bg6 15.Bxg6
hxg6 16.Ne2 a5 17.a3 Qb3 18.O-O Ra6 19.Qc7 Raa8 20.Rfd1 Rfc8 21.Qf4 Nb6 
22.dxc5 Rxc5 23.Nd4 Qc4 24.Qd6 Nfd7 25.Nce2 Rcc8 26.Rbc1 Qa6 27.g5 Rd8 28.
Rc7 Nf8 29.Qf4 Rd7 30.Nc3 Rad8 31.a4 Nc4 32.Nxd5 Rxc7 33.Nxc7 Qd6 34.Qxd6 
Rxd6 35.b3 Ne5 36.Rc1 Rd7 37.Ncb5 f6 38.Rc8 Kf7 39.Ra8 Nc6 40.gxf6 gxf6 
41.Nxc6 bxc6 42.Nd4 c5 43.Nc6 Rd1+ 44.Kg2 Rb1 45.Ra7+ Ke6 46.Nxa5 g5 47.
Rg7 Kf5 48.Nb7 Rxb3 49.Nxc5 Rc3 50.Nd7 Nxd7 51.Rxd7 Ra3 52.Ra7 Ke4 53.a5 
Kd3 54.Kf3 Kd2 55.Rf7 Rxa5 56.Rxf6 Ke1 57.Kg4 1-0

[Event "26th EUR-ch"]
[Site "Katowice POL"]
[Date "2026.04.12"]
[Round "5.25"]
[White "Pichot, Alan"]
[Black "Bodrogi, Bendeguz"]
[Result "1/2-1/2"]
[WhiteElo "2581"]
[BlackElo "2454"]
[EventDate "2026.04.07"]
[PlyCount "69"]

1.e4 e5 2.Nf3 Nc6 3.Bc4 Bc5 4.O-O Nf6 5.d3 d6 6.c3 a5 7.Re1 Ba7 8.Bb3 O-O 
9.h3 Ne7 10.d4 Ng6 11.Nbd2 Re8 12.Bc2 Bd7 13.Nf1 d5 14.Nxe5 Nxe5 15.dxe5 
Nxe4 16.Be3 Bxe3 17.Rxe3 Bc6 18.Qd4 f6 19.exf6 Qxf6 20.Bxe4 dxe4 21.Qc4+ 
Qf7 22.Qe2 Rad8 23.Ng3 Qd5 24.b3 b5 25.Re1 Qd2 26.Qg4 Bd7 27.Qh4 Qxa2 28.
Nxe4 Rf8 29.Rd3 a4 30.Nc5 Rde8 31.Rxe8 Bxe8 32.Qd4 Qe2 33.Rg3 Bg6 34.bxa4 
bxa4 35.Nxa4 1/2-1/2

[Event "26th EUR-ch"]
[Site "Katowice POL"]
[Date "2026.04.12"]
[Round "5.26"]
[White "Acs, Peter"]
[Black "Mosesov, Danyil"]
[Result "0-1"]
[WhiteElo "2573"]
[BlackElo "2464"]
[EventDate "2026.04.07"]
[PlyCount "60"]

1.e4 e5 2.Nf3 Nc6 3.Bc4 Nf6 4.d4 exd4 5.e5 d5 6.Bb5 Nd7 7.O-O Be7 8.Bxc6 
bxc6 9.Nxd4 Nb8 10.Qf3 c5 11.Nb5 Ba6 12.c4 O-O 13.Qg3 Kh8 14.N1c3 d4 15.
Ne4 Bxb5 16.cxb5 Qd5 17.Bg5 Bxg5 18.Nxg5 h6 19.Nh3 c4 20.a4 Nd7 21.Rfe1 d3
22.Rad1 Nc5 23.Qg4 Nxa4 24.b3 d2 25.Re3 c3 26.Nf4 Qxb3 27.Rf1 Rad8 28.Rg3 
Rg8 29.e6 d1=Q 30.exf7 Qxg4 0-1

[Event "26th EUR-ch"]
[Site "Katowice POL"]
[Date "2026.04.12"]
[Round "5.27"]
[White "Druska, Juraj"]
[Black "Kazakouski, Valery"]
[Result "0-1"]
[WhiteElo "2458"]
[BlackElo "2572"]
[EventDate "2026.04.07"]
[PlyCount "80"]

1.e4 c5 2.c3 Nf6 3.e5 Nd5 4.Nf3 e6 5.d4 cxd4 6.cxd4 d6 7.Bc4 Be7 8.O-O O-O
9.Qe2 Bd7 10.Nc3 Nxc3 11.bxc3 Bc6 12.Bf4 Qc7 13.exd6 Bxd6 14.Ne5 Nd7 15.
Nxf7 Bxf4 16.Qxe6 Nc5 17.Qf5 Rxf7 18.Bxf7+ Qxf7 19.Qxc5 Qd5 20.Qxd5+ Bxd5 
21.Rfb1 b6 22.Rb5 Bc4 23.Rf5 Bd6 24.a4 Be6 25.Rf3 Rc8 26.Re3 Bd5 27.a5 b5 
28.a6 Kf7 29.Rb1 Bc4 30.g3 Rc6 31.Ra1 Be7 32.h4 Bf6 33.Ra5 Re6 34.Kg2 Ke7 
35.Kf3 Kd7 36.Kf4 Rc6 37.h5 Bd8 38.Ra1 Rf6+ 39.Kg4 Rxf2 40.Rae1 Rf6 0-1

[Event "26th EUR-ch"]
[Site "Katowice POL"]
[Date "2026.04.12"]
[Round "5.28"]
[White "Tudor, Henry Edward"]
[Black "Dudin, Gleb"]
[Result "0-1"]
[WhiteElo "2457"]
[BlackElo "2566"]
[EventDate "2026.04.07"]
[PlyCount "66"]

1.e4 e6 2.d4 d5 3.Nd2 c5 4.Ngf3 cxd4 5.Nxd4 Ne7 6.exd5 Nxd5 7.Bc4 Nb6 8.c3
Bc5 9.Bb5+ Bd7 10.Ne4 Bxd4 11.Qxd4 O-O 12.Bxd7 N8xd7 13.b3 e5 14.Qd2 f5 
15.Nd6 Qc7 16.Ba3 Qc6 17.O-O Rf6 18.Rad1 a6 19.c4 h6 20.f4 e4 21.Kh1 Nc5 
22.Bxc5 Qxc5 23.Nxb7 Qe7 24.Na5 e3 25.Rfe1 Re8 26.Qc3 e2 27.Rc1 Re6 28.c5 
Nd5 29.Qc4 Ne3 30.Qxe2 Qh4 31.g3 Qh3 32.Qb2 Nd1 33.Rexd1 Re2 0-1

[Event "26th EUR-ch"]
[Site "Katowice POL"]
[Date "2026.04.12"]
[Round "5.29"]
[White "Tsolakidou, Stavroula"]
[Black "Andersen, Mads"]
[Result "1/2-1/2"]
[WhiteElo "2452"]
[BlackElo "2562"]
[EventDate "2026.04.07"]
[PlyCount "53"]

1.c4 c6 2.Nf3 d5 3.g3 Nf6 4.Bg2 g6 5.b3 Bg7 6.Bb2 O-O 7.O-O b6 8.d4 Bb7 9.
Nc3 e6 10.e3 Nbd7 11.Ne5 Rc8 12.f4 a6 13.Qe2 Qc7 14.Rac1 dxc4 15.bxc4 c5 
16.Rfd1 cxd4 17.exd4 Bxg2 18.Kxg2 Rfd8 19.Qf3 Ne8 20.Ne4 Nd6 21.Nxd6 Qxd6 
22.Ba3 Qc7 23.h4 h5 24.Be7 Re8 25.Ba3 Red8 26.Be7 Re8 27.Ba3 1/2-1/2

[Event "26th EUR-ch"]
[Site "Katowice POL"]
[Date "2026.04.12"]
[Round "5.30"]
[White "Aizenberg, Benny"]
[Black "Pultinevicius, Paulius"]
[Result "1-0"]
[WhiteElo "2451"]
[BlackElo "2562"]
[EventDate "2026.04.07"]
[PlyCount "68"]

1.e4 c5 2.Nf3 e6 3.d4 cxd4 4.Nxd4 Nc6 5.Nc3 Qc7 6.Be3 a6 7.g4 h6 8.Rg1 Nf6
9.Nxc6 bxc6 10.Qd2 d5 11.O-O-O Bb4 12.Bg2 Rb8 13.exd5 cxd5 14.Bf4 Bd6 15.
Bxd6 Qxd6 16.Bf1 Bd7 17.h4 a5 18.g5 hxg5 19.hxg5 Ng8 20.Bd3 Rh2 21.Rde1 
Ne7 22.Rh1 Rb4 23.Ne2 Rbh4 24.Rxh2 Qxh2 25.Ng3 Qg2 26.b3 Nc6 27.g6 Qf3 28.
Nf5 Rh1 29.Nd6+ Ke7 30.Nxf7 Qf6 31.Kb1 Rh2 32.Qe3 Kf8 33.Ng5 Kg8 34.Nxe6 
Qxf2 1-0

[Event "26th EUR-ch"]
[Site "Katowice POL"]
[Date "2026.04.12"]
[Round "5.31"]
[White "Kuru, Atilla"]
[Black "Sanal, Vahap"]
[Result "1/2-1/2"]
[WhiteElo "2444"]
[BlackElo "2551"]
[EventDate "2026.04.07"]
[PlyCount "167"]

1.Nf3 Nf6 2.c4 b6 3.g3 Bb7 4.Bg2 g6 5.d4 Bg7 6.O-O O-O 7.Qc2 c5 8.d5 b5 9.
e4 bxc4 10.Na3 d6 11.Nxc4 Nbd7 12.Bd2 Ba6 13.b3 Qc7 14.Rfe1 Rae8 15.Rac1 
e6 16.dxe6 Rxe6 17.Ba5 Qb8 18.Bh3 Re7 19.Rcd1 Bxc4 20.Qxc4 Rfe8 21.Qd3 Nb6
22.Qxd6 Qxd6 23.Rxd6 Nxe4 24.Rdd1 Bc3 25.Rxe4 Bxa5 26.Rxe7 Rxe7 27.Bf1 Bb4
28.Bb5 Kg7 29.h4 h5 30.Kf1 Rc7 31.Ke2 Re7+ 32.Kf1 Rc7 33.a4 Re7 34.Rd8 Ba5
35.Rd3 Bb4 36.Ng5 Re1+ 37.Kg2 Re7 38.Kf3 Ba5 39.Ne4 Bb4 40.Rd8 Re5 41.Ng5 
Bc3 42.Kg2 Re7 43.Be8 f6 44.Nh3 Be5 45.Bb5 Bc7 46.Rd1 a5 47.Kf3 Be5 48.Nf4
Bd4 49.Bd3 Nd7 50.Nxg6 Ne5+ 51.Nxe5 Rxe5 52.Rd2 f5 53.Kg2 Kg6 54.Be2 Re7 
55.Kf1 f4 56.g4 hxg4 57.Bxg4 Rh7 58.h5+ Kg5 59.Be2 Kh6 60.Rd3 Rg7 61.Rh3 
Rg8 62.Bf3 Rg7 63.Rh4 Kg5 64.Rh2 Kh6 65.Ke2 Rd7 66.Be4 Rd6 67.Kf3 Be5 68.
Kg4 Rf6 69.f3 Bd4 70.Rd2 Rd6 71.Bf5 Rd8 72.Rd1 Rd6 73.Bg6 Rd8 74.Kf5 Rd6 
75.Rd3 Rf6+ 76.Ke4 Kg5 77.Rd2 Re6+ 78.Kd5 Re3 79.Rg2+ Kh6 80.Be4 Rxb3 81.
Rg6+ Kxh5 82.Ra6 Bc3 83.Kxc5 Bd2 84.Kd5 1/2-1/2

[Event "26th EUR-ch"]
[Site "Katowice POL"]
[Date "2026.04.12"]
[Round "5.32"]
[White "Can, Emre"]
[Black "Sousa, Andre Ventura"]
[Result "1/2-1/2"]
[WhiteElo "2546"]
[BlackElo "2447"]
[EventDate "2026.04.07"]
[PlyCount "102"]

1.d4 Nf6 2.c4 e6 3.Nf3 Bb4+ 4.Nbd2 d5 5.Qa4+ Nc6 6.a3 Be7 7.Qc2 dxc4 8.
Qxc4 O-O 9.b3 Nb8 10.Bb2 b6 11.Rc1 c5 12.dxc5 Ba6 13.Qc2 bxc5 14.e3 Bxf1 
15.Nxf1 Nbd7 16.N1d2 Nd5 17.O-O Bf6 18.Bxf6 N5xf6 19.Rfd1 Rb8 20.Nc4 Qc7 
21.Rd3 Rfd8 22.Rcd1 Nb6 23.Nce5 Rd5 24.Nc4 h6 25.Nb2 Ne4 26.Nd2 Nxd2 27.
R3xd2 Rxd2 28.Rxd2 Rc8 29.h3 Qc6 30.Rd3 Qb5 31.e4 Qa5 32.a4 Qb4 33.Rc3 Rd8
34.Kh2 Rd6 35.f3 Nd7 36.Rd3 Rd4 37.Nc4 g5 38.Qd1 Qc3 39.Rxc3 Rxd1 40.Nb2 
Rd6 41.Nc4 Rd1 42.Nb2 Rd2 43.Nd3 h5 44.Nxc5 Ne5 45.b4 Ng6 46.b5 Nf4 47.a5 
Rxg2+ 48.Kh1 Ra2 49.b6 Ra1+ 50.Kh2 Ra2+ 51.Kh1 Ra1+ 1/2-1/2